Politické dôsledky Brexitu pre Európu
Brexit na pozadí zásadných výziev. Historické súvislosti členstva Spojeného kráľovstva v Európskej únii. Príčiny Brexitu. Politické dôsledky Brexitu pre Európu. Scenáre budúceho vývoja EÚ .
Gespeichert in:
| 1. Verfasser: | |
|---|---|
| Format: | Buchkapitel |
| Sprache: | Slowakisch |
| Schlagworte: | |
| Tags: |
Keine Tags, Fügen Sie das erste Tag hinzu!
|
MARC
| LEADER | 00000nla a2200000 4500 | ||
|---|---|---|---|
| 001 | 0228913 | ||
| 005 | 20240502073753.7 | ||
| 041 | 0 | |a slo | |
| 044 | |a SK | ||
| 245 | 1 | 0 | |a Politické dôsledky Brexitu pre Európu |c Ľudmila Dolná |
| 520 | |a Brexit na pozadí zásadných výziev. Historické súvislosti členstva Spojeného kráľovstva v Európskej únii. Príčiny Brexitu. Politické dôsledky Brexitu pre Európu. Scenáre budúceho vývoja EÚ . | ||
| 610 | 2 | 0 | |a Veľká Británia |
| 610 | 2 | 0 | |a Spojené kráľovstvo |
| 610 | 2 | 0 | |a Európska únia |
| 610 | 2 | 0 | |a integrácia ekonomická medzinárodná |
| 610 | 2 | 0 | |a dezintegrácia |
| 610 | 2 | 0 | |a politika medzinárodná |
| 100 | 1 | |a Dolná, Ľudmila, 1976- | |